书目信息 |
| 题名: |
债务纠纷与诉讼实例
|
|
| 作者: | 赵松梅 编著 | |
| 分册: | ||
| 出版信息: | 呼和浩特 内蒙古人民出版社 2010.03 |
|
| 页数: | 278页 | |
| 开本: | 23cm | |
| 丛书名: | 现代公民法律实用丛书 | |
| 单 册: | ||
| 中图分类: | D925.104 | |
| 科图分类: | ||
| 主题词: | 债务--经济纠纷--民事诉讼--基本知识--中国 , 民事诉讼 , 债务--经济纠纷 | |
| 电子资源: | ||
| ISBN: | 978-7-204-10194-8 | |
| 000 | 00917oam2 22002771 450 | |
| 001 | 004650137 | |
| 005 | 20111230092404.84 | |
| 010 | @a978-7-204-10194-8@dCNY35.00 | |
| 096 | @aD923.3@bzsm | |
| 100 | @a20100708d2010 em y0chiy50 ea | |
| 101 | 0 | @achi |
| 102 | @aCN@b150000 | |
| 105 | @ay zn 000yy | |
| 200 | 1 | @a债务纠纷与诉讼实例@9zhai wu jiu fen yu su song shi li@f赵松梅编著 |
| 210 | @a呼和浩特@c内蒙古人民出版社@d2010.03 | |
| 215 | @a278页@d23cm | |
| 225 | 2 | @a现代公民法律实用丛书 |
| 330 | @a本书包括:债权与债务纠纷、债务与债务合同、债务与债务诉讼、诉讼与诉讼代理、诉讼证据与时效、诉讼程序与执行、议案说法共七个部分。 | |
| 461 | 0 | @1001004662533 |
| 606 | 0 | @a债务@x经济纠纷@x民事诉讼@x基本知识@y中国 |
| 606 | 0 | @a民事诉讼 |
| 606 | 0 | @a债务@x经济纠纷 |
| 690 | @aD925.104@v4 | |
| 701 | 0 | @a赵松梅@9zhao song mei@4编著 |
| 801 | 0 | @c20111230 |
| 905 | @a郑州市财税学校图书馆@dD925.104@eZ324@f3 | |
| 债务纠纷与诉讼实例/赵松梅编著.-呼和浩特:内蒙古人民出版社,2010.03 |
| 278页;23cm.-(现代公民法律实用丛书) |
| ISBN 978-7-204-10194-8:CNY35.00 |
| 本书包括:债权与债务纠纷、债务与债务合同、债务与债务诉讼、诉讼与诉讼代理、诉讼证据与时效、诉讼程序与执行、议案说法共七个部分。 |
| ● |
| 相关链接 |
|
|
|
正题名:债务纠纷与诉讼实例
索取号:D925.104/Z324
 
预约/预借
| 序号 | 登录号 | 条形码 | 馆藏地/架位号 | 状态 | 备注 |
| 1 | 1187356 | 211873560 | 社科库509/509社科库 100排2列5层/ [索取号:D925.104/Z324] | 在馆 | |
| 2 | 1187357 | 211873579 | 法学院资料室/ [索取号:D925.104/Z324] | 在馆 | |
| 3 | 1187358 | 211873588 | 社科库509/509社科库 100排2列5层/ [索取号:D925.104/Z324] | 在馆 |